书目信息 |
| 题名: |
城市经济改革一百例
|
|
| 作者: | ;国家经济体制改革委员会《城市经济改革一百例》编辑组 编 | |
| 分册: | ||
| 出版信息: | 北京 人民出版社 1984 |
|
| 页数: | 422页 | |
| 开本: | 19cm | |
| 丛书名: | ||
| 单 册: | ||
| 中图分类: | F29 | |
| 科图分类: | ||
| 主题词: | 城市经济 , 市政经济 , 城市-经济体制改革--中国 | |
| 电子资源: | ||
| ISBN: | ||
| 000 | 00934nam0 2200253 45 | |
| 001 | 0184013767 | |
| 005 | 20060323144059.46 | |
| 010 | @dCNY1.60 | |
| 091 | @a4001.534 | |
| 100 | @a19950601d1984 emky0chiy0121 ea | |
| 101 | 0 | @achi |
| 102 | @aCN@b110000 | |
| 105 | @ay z 000yy | |
| 200 | 10 | @a城市经济改革一百例@Acheng shi jing ji gai ge yi bai li@f国家经济体制改革委员会《城市经济改革一百例》编辑组编@Fguo jia jing ji ti zhi gai ge wei yuan hui《cheng shi jing ji gai ge yi bai li》bian ji zu bian |
| 210 | @a北京@c人民出版社@d1984 | |
| 215 | @a422页@d19cm | |
| 606 | 0 | @a城市经济 |
| 606 | 0 | @a市政经济 |
| 606 | @a城市-经济体制改革@y中国 | |
| 690 | @aF29 | |
| 711 | 0 | @a国家经济体制改革委员会《城市经济改革一百例》编辑组@Aguo jia jing ji ti zhi gai ge wei yuan hui《cheng shi jing ji gai ge yi bai li》bian ji zu@4编 |
| 801 | 2 | @aCN@bNLC@c20060323 |
| 801 | 0 | @aCN@b上海图书馆@c20040428 |
| 905 | @f2@b124530-531@dF29@e38 | |
| 城市经济改革一百例/国家经济体制改革委员会《城市经济改革一百例》编辑组编.-北京:人民出版社,1984 |
| 422页;19cm |
| ISBN :CNY1.60 |
| ● |
| 相关链接 |
|
|
|
|
正题名:城市经济改革一百例
索取号:F29/38
 
预约/预借
| 序号 | 登录号 | 条形码 | 馆藏地/架位号 | 状态 | 备注 |
| 1 | 0124529 | 202210963 | 密集书库/ [索取号:F29/38] | 在馆 | |
| 2 | 0124530 | 000211014 | 密集书库/ [索取号:F29/38] | 在馆 | |
| 3 | 0124531 | 000211050 | 密集书库/ [索取号:F29/38] | 在馆 | |
| 4 | 0124532 | 000211096 | 第一样本阅览室/ [索取号:F29/38] | 在馆 |